| 000 | 00726nam a2200229Ia 4500 | ||
|---|---|---|---|
| 003 | GCL | ||
| 008 | 140319s9999 xx 000 0 ara d | ||
| 020 | _a7156309977 | ||
| 040 |
_aGCL / _cGCL |
||
| 082 | 0 | 4 |
_aق _b791.437 _bس أ |
| 100 | 1 | _aمحمود قاسم | |
| 245 | 1 | 0 |
_aافيش السينما المصرية / _cمحمود قاسم |
| 700 | 1 | _aسيف سلماوى | |
| 250 | _aالاولى | ||
| 260 |
_aالقاهرة : _bدار الشروق ، _c2005 |
||
| 300 |
_a122 ص ؛ _c32 سم |
||
| 650 | 0 | 4 | _aوسائل الاعلام |
| 650 | 0 | 4 | _aالافلام السينمائية |
| 650 | 0 | 4 | _aالاعلان بالسينما |
| 650 | 0 | 4 | _aالافلام السينمائية - ملصقات |
| 942 |
_2ddc _cBK |
||
| 999 |
_c9584 _d9584 |
||